000 00572nam a2200205Ia 4500
003 GCL
008 140319s9999 xx 000 0 ara d
020 _a9003809977
040 _aGCL /
_cGCL
082 0 4 _a210
_bم ا
100 1 _aمحمد عمارة
245 1 0 _aالاسلام والفنون الجميلة /
_cمحمد عمارة
250 _aالاولى
260 _aالقاهرة :
_bدار الشروق ،
_c1991
300 _a295 ص ؛
_c20سم
490 _a
650 0 4 _aالاسلام
650 0 4 _aالفنون الجميلة
942 _2ddc
_cBK
999 _c44979
_d44979